000 03215nam a2200373 a 4500
003 BLK
005 20250218094409.0
007 ta
008 250218b bu |||||r|||| 00| | bu d
020 _a9786197667691
040 _aBLK
041 _aBUL
_aENG
_aDEU
_cBUL
080 _9235107
_aНемска литература
_b821.112.2
_x(092)(06)
_z821.112.2(092)(06)
080 _9225703
_b929 Хофман, Ернст Теодор Амадеус
_z 929 Хофман, Ернст Теодор Амадеус
100 1 _9141604
_aЧерпокова, Светла Кирилова
_d1967 -
_gФилолог
245 _aОбаянието Е.Т.А. Хофман
_bсборник с доклади от Международен интердисциплинарен форум "Е.Т.А. Хофман в България", 23 - 26 .10. 2019, Пловдив
_cсъстав., уводни думи Светла Черпокова
246 1 1 _aFaszination E.T.A. Hoffmann = Fascination: E.T.A. Hoffmann
260 _9393994
_aСофия
_bНац. изд. за образование и наука Аз Буки
_c2024
_fСофия : Алианс принт
300 _a423 с. : с ил.
_c24 см
380 _a82
490 _9497492
_aЛитературнокритическа библиотека Юбилеум
_v1
_xC635-1425
500 _aИзд. на: Кат. по история на литературата и сравнително литературознание при ПУ "Паисий Хилендарски“, E.T.A. Hoffmann-Gesellschaft e. V. – Бамберг, Германия , Съюз на учените в България – Пловдив, Нар. библ. "Иван Вазов“ Съдържа докл. от: Бернхард Шемел, Кристина Шмитц, Камелия Николова, Анна Топалджикова, Димитър Камбуров, Младен Влашки, Дарин Тенев, Огнян Ковачев, Иван Попов, Витана Костадинова, Борис Минков, Камелия Спасова, Илия Точев, Клео Протохристова, Ласка Ласкова, Мария Ендрева, Елица Дубарова, Светла Черпокова, Илиана Елдърова. - Рец.: Амелия Личева, Румяна Станчева. - Рез. на бълг., англ., нем. ез. - За авторите: с. 411-420
504 _aБиблиогр. след отд. докл.
600 0 _aХофман, Ернст Теодор Амадеус
_d1776-1822
_gНемски писател, композитор, диригент, художник.
_9367399
650 0 _9251825
_aПисатели, немски
653 _9190002
_aлитературно творчество
653 _9190793
_aмеждународни конференции
700 _9497493
_aКаменов, Даниел Николаев
700 _9348081
_aЕндрева, Мария Илиева
_eсъавт.
852 _aЦб 326532
_bЦб
856 _i0.00
_ldisable
942 _cKNG
_n0
944 _a30553
_cИваничка Йорданова
_k30560
_lГеновева Генчева
999 _c527182
_d527182